Sports Quiz

Random Sports Quiz

Colonial Hills Conference (NJ) Former High Schools Quiz Stats

 Plays Quiz not verified by Sporcle

Score 0/16 Timer 06:00
0 Plays Today
County School % Correct
 Colonial Division Verona
80%
Hills DivisionCedar Grove
80%
Colonial DivisionBoonton
76.7%
Colonial DivisionMountain Lakes
73.3%
Colonial DivisionKinnelon
70%
Hills DivisionGlen Ridge
66.7%
 Hills Division Pingry
63.3%
Colonial DivisionArts
53.3%
County School % Correct
 Colonial Division Whippany Park
53.3%
Hills DivisionMontclair Kimberley
53.3%
 Hills Division Newark Academy
53.3%
 Hills Division Morris Catholic
50%
 Colonial Division Science Park
46.7%
 Colonial Division University
46.7%
Hills DivisionMontclair Immaculate
40%
 Hills Division Morristown-Beard
40%

You're not logged in!

Compare scores with friends on all Sporcle quizzes.
OR
Log In

Sporcle TV

Today on Sporcle TV


Watch our educational content, quiz creation guides, and fun videos on Sporcle TV.

Show Comments

Extras

Top Quizzes Today


Score Distribution

Your Account Isn't Verified!

In order to create a playlist on Sporcle, you need to verify the email address you used during registration. Go to your Sporcle Settings to finish the process.

Report this User

Report this user for behavior that violates our Community Guidelines.

Details: